Andy Warhol grafikái

Podrobná bibliografia
Hlavný autor: Tóth, Edit (Autor)
Médium: Článok
Jazyk:maďarčina
Fyzický popis:Obr. 1
Predmet:

MARC

LEADER 00000nab a2200000 a 4500
001 vtls000627905
003 SK-MaSNL
005 20260304220603.0
008 160321c1997 xo 0 hun
015 |a SNBRB19rr/mm-uuuuu 
035 |a CL0628044 
040 |a SNKBUCL  |b slo  |c SNKBUCL  |e AACR2 
041 0 |a hun 
044 |a xo  |c SK 
080 |a 76.071.1:061.4  |2 1981 
080 |a 75.071.1  |2 1981 
080 |a 7.05.071.1  |2 1981 
080 |a 791.44.071  |2 1981 
100 1 |a Tóth, Edit  |4 aut  |9 899750 
245 1 0 |a Andy Warhol grafikái  |c Edit Tóth 
300 |b Obr. 1 
600 1 7 |a Warhol, Andy,  |d 1928-1987  |2 snkbucl  |9 97490 
610 2 7 |a Slovenská národná galéria  |2 snkbucl  |9 59840 
650 0 7 |a grafika  |2 snkbucl  |9 814 
655 7 |a články z novín a časopisov  |2 snkbucl  |9 267496 
773 0 |t Szabad újság  |g Roč. 5, č. 24 (1997), s. 9 
850 |a Slovenská národná knižnica v Martine  |a DSG001 
852 |a SNK  |b KIS3GCP 
958 |a HU 
958 |a SK 
958 |a BC 
958 |a US 
958 |a RK 
958 |a RBX 
999 |c 3153071  |d 3155001